The Logic of Faith: (Record no. 5337)

MARC details
000 -LEADER
fixed length control field 00499nam a22001817a 4500
003 - CONTROL NUMBER IDENTIFIER
control field GBCCL
005 - DATE AND TIME OF LATEST TRANSACTION
control field 20241126110539.0
008 - FIXED-LENGTH DATA ELEMENTS--GENERAL INFORMATION
fixed length control field 180315b ||||| |||| 00| 0 eng d
040 ## - CATALOGING SOURCE
Transcribing agency gbc
082 ## - DEWEY DECIMAL CLASSIFICATION NUMBER
Classification number 234.23
Item number RHO
100 ## - MAIN ENTRY--PERSONAL NAME
Personal name Rhoton, Dale
9 (RLIN) 9624
245 ## - TITLE STATEMENT
Title The Logic of Faith:
Remainder of title An examination of the claims of Jesus Christ /
Statement of responsibility, etc. Dale Rhoton
250 ## - EDITION STATEMENT
Edition statement 3rd Ed.
260 ## - PUBLICATION, DISTRIBUTION, ETC.
Place of publication, distribution, etc. Bombay:
Name of publisher, distributor, etc. Gospel Literature Service,
Date of publication, distribution, etc. 1981
300 ## - PHYSICAL DESCRIPTION
Extent 104 p.;
Dimensions 18 cm.
650 ## - SUBJECT ADDED ENTRY--TOPICAL TERM
Topical term or geographic name entry element Faith
9 (RLIN) 2645
942 ## - ADDED ENTRY ELEMENTS (KOHA)
Source of classification or shelving scheme Dewey Decimal Classification
Koha item type Books
Holdings
Withdrawn status Lost status Source of classification or shelving scheme Damaged status Not for loan Home library Current Library Shelving location Date acquired Total checkouts Full call number Barcode Date last seen Copy number Price effective from Koha item type
    Dewey Decimal Classification     GRACE BIBLE COLLEGE GRACE BIBLE COLLEGE Theology 2018-03-15   234.23 RHO 001972 2025-05-01 c.1 2018-03-15 Books
© Grace Bible College Library 2025